<?xml version="1.0" encoding="UTF-8"?>
<record
    xmlns:xsi="http://www.w3.org/2001/XMLSchema-instance"
    xsi:schemaLocation="http://www.loc.gov/MARC21/slim http://www.loc.gov/standards/marcxml/schema/MARC21slim.xsd"
    xmlns="http://www.loc.gov/MARC21/slim">

  <leader>01037nam a2200217 a 4500</leader>
  <controlfield tag="001">79058</controlfield>
  <controlfield tag="003">BD-RjUL</controlfield>
  <controlfield tag="005">20211226095100.0</controlfield>
  <controlfield tag="008">211223s1996    ii            000 0 ara d</controlfield>
  <datafield tag="035" ind1=" " ind2=" ">
    <subfield code="a">(BD-RjUL)79058</subfield>
  </datafield>
  <datafield tag="040" ind1=" " ind2=" ">
    <subfield code="a">HUJI</subfield>
    <subfield code="b">ara</subfield>
    <subfield code="c">BD-RjUL</subfield>
  </datafield>
  <datafield tag="041" ind1="0" ind2=" ">
    <subfield code="a">ara</subfield>
  </datafield>
  <datafield tag="082" ind1=" " ind2=" ">
    <subfield code="2">23</subfield>
    <subfield code="a">297.188092</subfield>
    <subfield code="b">NOM 1996</subfield>
  </datafield>
  <datafield tag="100" ind1=" " ind2=" ">
    <subfield code="a">&#x627;&#x644;&#x646;&#x639;&#x645;&#x627;&#x646;&#x64A;&#x60C; &#x645;&#x62D;&#x645;&#x62F; &#x639;&#x628;&#x62F; &#x627;&#x644;&#x631;&#x634;&#x64A;&#x62F; &#x628;&#x642;&#x644;&#x645; &#x645;&#x62D;&#x645;&#x62F; &#x639;&#x628;&#x62F; &#x627;&#x644;&#x631;&#x634;&#x64A;&#x62F; &#x627;&#x644;&#x646;&#x639;&#x645;&#x627;&#x646;&#x64A; &#x61B; &#x627;&#x639;&#x62A;&#x646;&#x649; &#x628;&#x647; &#x639;&#x628;&#x62F; &#x627;&#x644;&#x641;&#x62A;&#x627;&#x62D; &#x627;&#x628;&#x648; &#x63A;&#x62F;&#x629; ; ; Al-Nomani, Muhammad Abd al-Rashid,</subfield>
    <subfield code="9">350</subfield>
  </datafield>
  <datafield tag="245" ind1="0" ind2="0">
    <subfield code="a">&#x645;&#x643;&#x627;&#x646;&#x629; &#x627;&#x644;&#x627;&#x645;&#x627;&#x645; &#x627;&#x628;&#x64A; &#x62D;&#x646;&#x64A;&#x641;&#x629; &#x641;&#x64A; &#x627;&#x644;&#x62D;&#x62F;&#x64A;&#x62B; ;; makanat alamam abi hanifat fi alhadith /</subfield>
    <subfield code="c">&#x628;&#x642;&#x644;&#x645; &#x645;&#x62D;&#x645;&#x62F; &#x639;&#x628;&#x62F; &#x627;&#x644;&#x631;&#x634;&#x64A;&#x62F; &#x627;&#x644;&#x646;&#x639;&#x645;&#x627;&#x646;&#x64A; &#x61B; &#x627;&#x639;&#x62A;&#x646;&#x649; &#x628;&#x647; &#x639;&#x628;&#x62F; &#x627;&#x644;&#x641;&#x62A;&#x627;&#x62D; &#x627;&#x628;&#x648; &#x63A;&#x62F;&#x629;. by Muhammad Abd al-Rashid al-Nu'mani; Abd al-Fattah Abu Ghuddah</subfield>
  </datafield>
  <datafield tag="260" ind1=" " ind2=" ">
    <subfield code="a">&#x62F;&#x64A;&#x648;&#x628;&#x646;&#x62F;;; Deoband </subfield>
    <subfield code="b">&#x627;&#x62A;&#x62D;&#x627;&#x62F; &#x628;&#x643;,</subfield>
    <subfield code="c">&#x661;&#x664;&#x661;&#x666; &#x647;&#x62C;.&#x60C; &#x661;&#x669;&#x669;&#x666;.</subfield>
  </datafield>
  <datafield tag="300" ind1=" " ind2=" ">
    <subfield code="a">&#x661;&#x666;&#x663; &#x635; :</subfield>
    <subfield code="b">&#x662;&#x664; &#x633;&#x645;.</subfield>
  </datafield>
  <datafield tag="600" ind1="0" ind2="4">
    <subfield code="a">Ab&#x16B; &#x1E24;an&#x12B;fah,</subfield>
    <subfield code="d">-767 or 768.</subfield>
    <subfield code="9">351</subfield>
  </datafield>
  <datafield tag="650" ind1=" " ind2="4">
    <subfield code="a">Hadith</subfield>
  </datafield>
  <datafield tag="942" ind1=" " ind2=" ">
    <subfield code="2">ddc</subfield>
    <subfield code="c">BK</subfield>
  </datafield>
  <datafield tag="999" ind1=" " ind2=" ">
    <subfield code="c">79058</subfield>
    <subfield code="d">79058</subfield>
  </datafield>
  <datafield tag="952" ind1=" " ind2=" ">
    <subfield code="0">0</subfield>
    <subfield code="1">0</subfield>
    <subfield code="2">ddc</subfield>
    <subfield code="4">0</subfield>
    <subfield code="7">1</subfield>
    <subfield code="8">NFIC</subfield>
    <subfield code="a">RUCL</subfield>
    <subfield code="b">RUCL</subfield>
    <subfield code="c">Reading</subfield>
    <subfield code="d">2009-11-17</subfield>
    <subfield code="e">Ahsania Mission, Dhaka</subfield>
    <subfield code="g">435.00</subfield>
    <subfield code="o">A 297.188092 NOM 1996</subfield>
    <subfield code="r">2021-12-23 00:00:00</subfield>
    <subfield code="t">C-1</subfield>
    <subfield code="y">BK</subfield>
  </datafield>
</record>
